000 01054nam a2200253Ia 4500
003 OSt
005 20220923211049.0
006 a|||||r|||| 00| 0
007 ta
008 220922b |||||||| |||| 00| 0 hin d
020 _a8176751480 (hbk)
_c350
024 _a235,241
037 _b421, 28/02/2008, University Book House
_cTextual
040 _aARTS
_cARTS
_bhin
041 _2hin
_ahin
082 _aO152,3:gP1, P6
100 _aअग्रवाल, रोहिणी
_9157812
245 0 _aइतिवृत्त की संचेतना और संरूप
_b पंद्रह वर्ष के प्रतिमानक उपन्यास
246 _aItivṛutta kī sanchetanā aur sanrūpa: pandrah varṣha ke pratimānak upanyāsa
260 _aपंचकूला
_b आाधार प्रकाशन
_c2006
300 _a280पृ.
_ccm.
942 _hO152,3:gP1, P6
_cTEXL
_2CC
999 _c294749
_d294749